000 00900cam a2200277u 4500
001 8137803
003 NUST
005 20220818115405.0
007 cr_|||||||||||
008 830107s1920 dcu 000 0 eng
010 _aunk82023081
020 _a9781643890456
038 _aAzhar
040 _aDLC
_cCarP
_dDLC
050 0 0 _aSD428.M85
_bA5 1920
082 _a630
_bFOR
110 1 _aUnited States.
_bDepartment of Agriculture.
_997967
245 0 0 _aForest trails and highways of the Mount Hood region.
_bthe classic 1920 guide to camping and hiking the MT.Hood National forest and wilderness in oregon
250 _aLegacy edition
260 _aUSA
_c2019
_bDoublebit press
300 _a32p
_bcm.
530 _aAlso available in digital form.
856 4 1 _uhttp://hdl.loc.gov/loc.gdc/scd0001.00008977860
906 _a0
_bcbc
_cpremunv
_du
_encip
_f19
_gy-gencatlg
942 _2ddc
_cLC
999 _c591207
_d591207